000 00664nam a22001577a 4500
003 OSt
005 20190712150318.0
008 190712b xxu||||| |||| 00| 0 eng d
040 _cRUA
082 _a AGR PRI 2017 B633 Or.1
100 _913625
_aPRIN LAK ព្រិន​ ឡាក់
245 _acomparison of different substrate on growth and yield of oyster mushroom ប្រៀបធៀបស៊ុបស្ត្តា្រតខុសៗគ្នាលើការលូតលាស់និងទិន្នផលដំណាំផ្សិតអំបោះ
260 _aRUA
_bphnom penh
_c2017
300 _ax;40p
_bill;
_c29cm
942 _2ddc
_cAGR
999 _c17959
_d17959